| 000 | 00504nam a2200181Ia 4500 | ||
|---|---|---|---|
| 003 | OSt | ||
| 005 | 20240808113737.0 | ||
| 008 | 210210b1962 xxu||||| |||| 00| 0 eng d | ||
| 040 | _cAL | ||
| 041 | _aKannada | ||
| 082 | _a852/207 | ||
| 100 |
_aGIRIJABAI _9151411 _dಗಿರಿಜಾಬಾಯಿ |
||
| 245 |
_aBharatada Bhavyanadigalu _bಭಾರತದ ಭವ್ಯನದಿಗಳು |
||
| 260 |
_aBengaluru _b- _c1962 |
||
| 690 |
_aKannada Prose _9151412 |
||
| 906 | _a018775 | ||
| 942 |
_2ddc _cBK |
||
| 999 |
_c142329 _d142329 |
||